A study book on basics cost of accounting
Guardado en:
| Autor principal: | |
|---|---|
| Formato: | Libro |
| Publicado: |
Tabora :
Tanzania Public Services College (TPSC)
c2013.
|
| Materias: | |
| Etiquetas: |
Agregar Etiqueta
Sin Etiquetas, Sea el primero en etiquetar este registro!
|
MARC
| LEADER | 00000nam a2200000 4500 | ||
|---|---|---|---|
| 020 | |a 97899776892888 |c TZS 25,000/= | ||
| 040 | |a MUL |b eng |e AACR | ||
| 082 | |a 657.42 URO | ||
| 100 | |a Uromi, S. M | ||
| 245 | |a A study book on basics cost of accounting |c / S. M. Uromi | ||
| 260 | |a Tabora : |b Tanzania Public Services College (TPSC) |c c2013. | ||
| 300 | |a iii, 266 p. : |b ill. ; |c 23 cm. | ||
| 504 | |a Includes bibliographical references | ||
| 650 | |a Accounting | ||
| 650 | |a Cost accounting | ||
| 942 | |c BK | ||
| 999 | |c 3930 |d 3930 | ||